banner-ar

النزاع السنغالى الموريتانى بين الماذق العرقى والمخرج الوطنى الشعبى / (Record no. 42899)

MARC details
000 -الفاتح
حقل البيانات ثابتة الطول 00695nam a2200205Ia 4500
008 - عناصر البيانات ثابتة الطول - معلومات عامة
حقل البيانات ثابتة الطول 140319s9999 xx 000 0 ara d
040 ## - مصدر الفهرسة
وكالة الفهرسة الأصلية GCL /
وكالة النسخ GCL
082 04 - رقم تصنيف ديوى العشرى
رقم التصنيف 327.11
رقم المادة ص م
100 1# - المدخل الرئيسى - إسم شخصى
الإسم الشخصى صالح بكتاش
245 10 - بيان العنوان
العنوان النزاع السنغالى الموريتانى بين الماذق العرقى والمخرج الوطنى الشعبى /
بيان المسئوليه,etc صالح بكتاش
260 ## - PUBLICATION, DISTRIBUTION, ETC. (IMPRINT)
تاريخ النشر أو التوزيع 1952
300 ## - الوصف المادى
التعداد 342 ص
490 ## - بيان السلسلة
عنوان السلسلة
650 04 - المدخل الاضافى بالموضوع-مصطلح موضوعى
مصطلح موضوعي العلاقات الدولية
650 04 - المدخل الاضافى بالموضوع-مصطلح موضوعى
مصطلح موضوعي افريقيا
650 04 - المدخل الاضافى بالموضوع-مصطلح موضوعى
مصطلح موضوعي السنغال
650 04 - المدخل الاضافى بالموضوع-مصطلح موضوعى
مصطلح موضوعي موريتانيا
942 ## - عناصر المدخل الإضافي( كوها)
مصدر التصنيف او مخطط الترفيف Dewey Decimal Classification
Koha [default] item type كتاب
260 ## - PUBLICATION, DISTRIBUTION, ETC. (IMPRINT)
-- [S.N] :
-- دار المسيرة للنشر والتوزيع والطباعة ،
Holdings
حالة التراجع حالة الفقد حالة تلف ليس للاعارة المكان المؤقت الموقع الحالى تاريخ الاكتساب اجمالي اﻻعارات رقم الطلب الباركود تاريخ اخر مشاهدة تاريخ تفعيل السعر نوع وعاء كوها
        مكتبة القاهرة الكبرى مكتبة القاهرة الكبرى 03/26/2014   327.11\ص م 103686 03/26/2014 03/26/2014 كتاب
        مكتبة القاهرة الكبرى مكتبة القاهرة الكبرى 03/26/2014   327.11\ص م 103687 03/26/2014 03/26/2014 كتاب

Powered By

EGPV